Susceptibility of Delia radicum to steinernematid nematodes /

Сохранить в:
Библиографические подробности
Главный автор: Nielsen, Otto.
Формат: Статья
Язык:English
Предметы:
Метки: Добавить метку
Нет меток, Требуется 1-ая метка записи!
Thư viện lưu trữ: Thư viện Trường Đại học Đà Lạt
LEADER 00814nam a2200265 4500
001 DLU090093394
005 ##20091201
040 # # |a DLU  |b eng 
041 # # |a eng 
044 # # |a nl 
100 # # |a Nielsen, Otto.  
245 # # |a Susceptibility of Delia radicum to steinernematid nematodes /  |c Otto Nielsen. 
653 # # |a Delia radicum  
653 # # |a Mortality 
653 # # |a Steinernema affine  
773 # # |t BioControl : Journal of the International Organization for Biological Control  |g Vol. 48, no. 4 (August 2003), p. 431-446 
920 # # |a Phòng Tạp chí -- Trung tâm Thông tin - Thư viện Trường Đại học Đà Lạt 
994 # # |a DLU 
900 # # |a True 
911 # # |a Trương Bảo Trâm Anh 
925 # # |a G 
926 # # |a A 
927 # # |a BB 
980 # # |a Thư viện Trường Đại học Đà Lạt